Television Shows Set in Washington, D. C. Quiz Stats

 Plays Quiz not verified by Sporcle

Challenge
Share
Tweet
Embed
Score 0/16 Timer 10:00
0 Plays Today
% Correct
The West Wing
96.1%
Homeland
91.2%
JAG
88.2%
The F. B. I.
85.3%
Murphy Brown
84.3%
That's My Bush
83.3%
The X-Files
80.4%
NCIS
78.4%
% Correct
Scandal
76.5%
Get Smart
74.5%
Bones
73.5%
Criminal Minds
71.6%
Lie to Me
70.6%
Wonder Woman
50%
227
47.1%
Smart Guy
46.1%

You're not logged in!

Compare scores with friends on all Sporcle quizzes.
OR
Log In

You Might Also Like...

Show Comments

Extras

Top Quizzes Today


Score Distribution

Your Account Isn't Verified!

In order to create a playlist on Sporcle, you need to verify the email address you used during registration. Go to your Sporcle Settings to finish the process.

Report this User

Report this user for behavior that violates our Community Guidelines.

Details: